000 00336nam a22001457a 4500
008 210426b ||||| |||| 00| 0 eng d
020 _a9780073529974
041 _aeng
080 _216th
_a339.138
082 _a339.138
100 _a60
101 _aMAR
245 _aInternational Marketing
_cPhilip. R. Cateora
942 _2udc
_cBK
999 _c56708
_d56708